| 000 | 01304nam a2200229Ii 4500 | ||
|---|---|---|---|
| 003 | JO-AjNU | ||
| 005 | 20240623113250.0 | ||
| 008 | 230605s9999||||xx |||||||||||||| ||und|| | ||
| 040 |
_aJO-AjNU _bara _erda _cJO-AjNU |
||
| 041 | _aara | ||
| 100 | 1 |
_aالرفاعي، خالد علي محمد _964684 _eمعد |
|
| 245 | 0 | 0 |
_a مدى إستخدام أساليب المحاسبة الإدارية في المستشقيات الخاصة الأردنيةThe Extent of Using = Managerial Accounting Techniques in Jordanian Private Hospitals / _cاعداد خالد علي محمد الرفاعي ؛ اشراف تركي راجي الحمود |
| 260 | _c2010 | ||
| 300 | _a170 صفحة | ||
| 336 |
_atext _btxt _2rdacontent |
||
| 337 |
_aunmediated _bn _2rdamedia |
||
| 338 |
_avolume _bnc _2rdacarrier |
||
| 504 | _aسالة جامعية (ماجستير).- جامعة اليرموك (إربد، الأردن)، كلية الإقتصاد والعلوم الإدراية، قسم المحاسبة، 2010. ببليوجرافية : ص. 147-157 تتضمن ملخصا باللغتين العربية والانجليزية. | ||
| 650 | 7 | 0 |
_aالمستشفيات الخاصة -تنظيم وادارة - الاردن _964686 |
| 700 | 1 |
_aالحمود، تركي راجي _964635 _eمشرف |
|
| 942 |
_2lcc _cTHS |
||
| 999 |
_c33043 _d33043 |
||